000 00257nam a2200109Ia 4500
008 231106s2016 xx 000 0 und d
041 _aeng
100 _aLUCY SWINBURNE
245 _aDADA : ART AND ANTI-ART
260 _bSEARCH PRESS
_c2016
300 _aP-96
999 _c920219
_d920219